Cải cách giáo dục ở các nước phát triển : Cải cách giáo dục ở Mỹ

Nội dung sách giới thiệu chính sách, chiến lược, phương pháp cải cách giáo dục và các báo cáo về cải cách giáo dục ở Mỹ.

Salvato in:
Dettagli Bibliografici
Autore principale: Lữ, Đạt
Natura: Libro
Lingua:Undetermined
Pubblicazione: Hà Nội Giáo dục Việt Nam 2010
Soggetti:
Tags: Aggiungi Tag
Nessun Tag, puoi essere il primo ad aggiungerne! !
Thư viện lưu trữ: Trung tâm Học liệu Trường Đại học Cần Thơ
LEADER 00947nam a2200229Ia 4500
001 CTU_166971
008 210402s9999 xx 000 0 und d
020 |c 340000 
082 |a 370.973 
082 |b Đ110/Q.1 
100 |a Lữ, Đạt 
245 0 |a Cải cách giáo dục ở các nước phát triển : 
245 0 |b Cải cách giáo dục ở Mỹ 
245 0 |c Lữ Đạt, Chu Mãn Sinh (Chủ biên) ; Nguyễn Trung Thuần dịch 
260 |a Hà Nội 
260 |b Giáo dục Việt Nam 
260 |c 2010 
520 |a Nội dung sách giới thiệu chính sách, chiến lược, phương pháp cải cách giáo dục và các báo cáo về cải cách giáo dục ở Mỹ. 
650 |a Educational changes,Cải cách giáo dục 
650 |z United States,Hoa Kỳ 
904 |i Tuyến 
980 |a Trung tâm Học liệu Trường Đại học Cần Thơ